书目信息 |
| 题名: |
脱硝功能微孔滤料的制备及性能
|
|
| 作者: | 郑玉婴 著 | |
| 分册: | ||
| 出版信息: | 北京 科学出版社 2017.3 |
|
| 页数: | 174页 | |
| 开本: | 21cm | |
| 丛书名: | ||
| 单 册: | ||
| 中图分类: | X701.3 | |
| 科图分类: | ||
| 主题词: | 烟气--脱硝--技术 | |
| 电子资源: | ||
| ISBN: | 978-7-03-052325-9 | |
| 000 | 00936nam0 2200229 450 | |
| 001 | 0400009215 | |
| 005 | 20171119112933.0 | |
| 010 | @a978-7-03-052325-9@dCNY78.00 | |
| 100 | @a20170619d2017 em y0chiy50 ea | |
| 101 | 0 | @achi |
| 102 | @aCN@b110000 | |
| 105 | @aa z 001yy | |
| 106 | @ar | |
| 200 | 1 | @a脱硝功能微孔滤料的制备及性能@Atuo xiao gong neng wei kong lv liao de zhi bei ji xing neng@f郑玉婴著 |
| 210 | @a北京@c科学出版社@d2017.3 | |
| 215 | @a174页@c图@d21cm | |
| 330 | @a本书对氮氧化物的危害及控制技术、Mn基低温脱硝催化剂制备技术、滤袋除尘器、过滤机理及同时除尘和脱硝技术等进行了概述。介绍了低温高效MnOx/CNTs脱硝催化剂、聚苯硫醚滤料负载MnO2/CNTs催化剂、多巴胺改性及其原位生成MnO2催化剂、原位聚合法制备二氧化锰/聚吡咯@聚苯硫醚复合滤料等的制备及性能。 | |
| 606 | 0 | @a烟气@x脱硝@x技术 |
| 690 | @aX701.3@v5 | |
| 701 | 0 | @a郑玉婴@Azheng yu ying@4著 |
| 801 | 0 | @aCN@b上海新华@c20171119 |
| 905 | @b1028683-7@dX701.3@e260@f5 | |
| 脱硝功能微孔滤料的制备及性能/郑玉婴著.-北京:科学出版社,2017.3 |
| 174页:图;21cm |
| ISBN 978-7-03-052325-9:CNY78.00 |
| 本书对氮氧化物的危害及控制技术、Mn基低温脱硝催化剂制备技术、滤袋除尘器、过滤机理及同时除尘和脱硝技术等进行了概述。介绍了低温高效MnOx/CNTs脱硝催化剂、聚苯硫醚滤料负载MnO2/CNTs催化剂、多巴胺改性及其原位生成MnO2催化剂、原位聚合法制备二氧化锰/聚吡咯@聚苯硫醚复合滤料等的制备及性能。 |
| ● |
| 相关链接 |
|
|
|
|
正题名:脱硝功能微孔滤料的制备及性能
索取号:X701.3/260
 
预约/预借
| 序号 | 登录号 | 条形码 | 馆藏地/架位号 | 状态 | 备注 |
| 1 | 1028683 | 210286830 | 第二样本阅览室/ [索取号:X701.3/260] | 在馆 | |
| 2 | 1028684 | 210286849 | 密集书库-化学系/ [索取号:X701.3/260] | 在馆 | |
| 3 | 1028685 | 210286858 | 第三借阅区/ [索取号:X701.3/260] | 在馆 | |
| 4 | 1028686 | 210286867 | 第三借阅区/ [索取号:X701.3/260] | 在馆 | |
| 5 | 1028687 | 210286876 | 第三借阅区/ [索取号:X701.3/260] | 在馆 |